Catalog

Record Details

Catalog Search



Sociální filosofie a postmoderní etika  Cover Image Book Book

Sociální filosofie a postmoderní etika / Axel Honneth ; [z německých originálů přeložila Alena Bakešová a Josef Velek]

Honneth, Axel, 1949- (Author). Bakešová, Alena, 1957- (Translator). Velek, Josef, 1953- (Editor, Author of introduction, etc.). Filosofický ústav (Akademie věd ČR) (Added Author).

Record details

  • ISBN: 80-7007-082-X
  • Physical Description: 143 s. ; 19 cm
  • Edition: Vyd. 1.
  • Publisher: Praha : Filosofia, 1996

Content descriptions

General Note:
Editor a předml. Josef Velek
Vydavatel: Filosofický ústav AV ČR
Pozn.
Bibliography, etc. Note:
Odkazy na lit.
Subject: sociální filozofie
etika > postmoderní společnost
Genre: sborníky
studie

Available copies

  • 1 of 1 copy available at Common Catalog SPOK.

Holds

  • 0 current holds with 1 total copy.
Show Only Available Copies
Location Call Number / Copy Notes Barcode Shelving Location Status Due Date
Jabok Library FL-3/Ho 424480019528 Odborná literatura Available -

LDR 01647nam a2200457 a 4500
00111886
003CZ-PrJAB
00520220606091705.0
007tu
008961008s1996 xr e 000 0 cze
015 . ‡acnb000138024
020 . ‡a80-7007-082-X ‡q(brož.)
035 . ‡a(CZ PrNK)cpk19960138024
035 . ‡a(OCoLC)36882081
040 . ‡aABA001 ‡bcze
0411 . ‡acze ‡hger
072 7. ‡a14 ‡xFilozofické systémy a hlediska ‡2Konspekt ‡95
080 . ‡a130.1/.3 ‡2undef
080 . ‡a316 ‡2undef
080 . ‡a17 ‡2undef
1001 . ‡aHonneth, Axel, ‡d1949- ‡7jn19981001475 ‡4aut
24510. ‡aSociální filosofie a postmoderní etika / ‡cAxel Honneth ; [z německých originálů přeložila Alena Bakešová a Josef Velek]
250 . ‡aVyd. 1.
260 . ‡aPraha : ‡bFilosofia, ‡c1996
300 . ‡a143 s. ; ‡c19 cm
4901 . ‡aMorální a politická filosofie ; ‡vsv. 1
500 . ‡aEditor a předml. Josef Velek
500 . ‡aVydavatel: Filosofický ústav AV ČR
500 . ‡aPozn.
504 . ‡aOdkazy na lit.
65007. ‡asociální filozofie ‡7ph125785 ‡2czenas
65007. ‡aetika ‡7ph114488 ‡xpostmoderní společnost ‡2czenas
655 7. ‡asborníky ‡7fd163935 ‡2czenas
655 7. ‡astudie ‡7fd133597 ‡2czenas
7001 . ‡aBakešová, Alena, ‡d1957- ‡7jn20010309829 ‡4trl
7001 . ‡aVelek, Josef, ‡d1953- ‡7jn99240001257 ‡4edt ‡4aui
7102 . ‡aFilosofický ústav (Akademie věd ČR) ‡7kn20010709007
830 0. ‡aMorální a politická filosofie
910 . ‡aABG312
995 . ‡aska
901 . ‡a11886 ‡bCZ-PrJAB ‡c11886 ‡tbiblio

Additional Resources